| 000 -CABECERA |
| campo de control de longitud fija |
00945nam a2200265 a 4500 |
| 001 - NÚMERO DE CONTROL |
| campo de control |
000014607 |
| 005 - FECHA Y HORA DE LA ÚLTIMA TRANSACCIÓN |
| campo de control |
20200120221932.0 |
| 008 - DATOS DE LONGITUD FIJA--INFORMACIÓN GENERAL |
| campo de control de longitud fija |
000519s1998 ck a gr 000 f spa d |
| 020 ## - NÚMERO INTERNACIONAL ESTÁNDAR DEL LIBRO |
| Número Internacional Estándar del Libro |
9580445273 |
| 041 ## - CÓDIGO DE LENGUA |
| Código de lengua del texto/banda sonora o título independiente |
spa |
| 090 ## - LOCALMENTE ASIGNADO TIPO-LC NÚMERO DE CLASIFICACIÓN (OCLC); NÚMERO DE CLASIFICACIÓN LOCAL (RLIN) |
| Número de clasificación (OCLC) (R) ; Numero de clasificación, CALL (RLIN) (NR) |
N |
| Número cutter local (OCLC) ; Número de libro/Signatura topográfica íntegra, CALL (RLIN) |
BOJcu |
| 100 0# - ENTRADA PRINCIPAL--NOMBRE DE PERSONA |
| Nombre de persona |
Bojunga Nuñez, Lygia |
| 245 10 - MENCIÓN DE TÍTULO |
| Título |
Cuerda floja / |
| Mención de responsabilidad, etc. |
Lygia Bojunga ; traducción : Elkin Obregón ; ilustraciones Alejandro Ortiz ; traducción Elkin Obregón. |
| 250 ## - MENCIÓN DE EDICIÓN |
| Mención de edición |
1a. ed. |
| 260 ## - PUBLICACIÓN, DISTRIBUCIÓN, ETC. |
| Lugar de publicación, distribución, etc. |
Bogotá : |
| Nombre del editor, distribuidor, etc. |
Norma, |
| Fecha de publicación, distribución, etc. |
1998. |
| 300 ## - DESCRIPCIÓN FÍSICA |
| Extensión |
174p. : |
| Otras características físicas |
il. |
| 490 #0 - MENCIÓN DE SERIE |
| Mención de serie |
Torre de papel |
| 500 ## - NOTA GENERAL |
| Nota general |
Ej. 1 C. D. Salud, 5a. reimp., 2004 |
| 500 ## - NOTA GENERAL |
| Nota general |
Ej. 1 de Biblioparque Funza: colección proveniente de la Antigua Biblioteca Municipal de Funza, Centro Cultural Bacatá, Funza (Cundinamarca). |
| 650 14 - PUNTO DE ACCESO ADICIONAL DE MATERIA--TÉRMINO DE MATERIA |
| Término de materia o nombre geográfico como elemento de entrada |
Literatura infantil brasileña |
| 650 24 - PUNTO DE ACCESO ADICIONAL DE MATERIA--TÉRMINO DE MATERIA |
| Término de materia o nombre geográfico como elemento de entrada |
Novela infantil brasilena |
| 700 1# - PUNTO DE ACCESO ADICIONAL--NOMBRE DE PERSONA |
| Nombre de persona |
Obregón, Elkin, |
| Término indicativo de función/relación |
tr. |
| 700 1# - PUNTO DE ACCESO ADICIONAL--NOMBRE DE PERSONA |
| Nombre de persona |
Ortiz, Alejandro, |
| Término indicativo de función/relación |
il. |
| 700 1# - PUNTO DE ACCESO ADICIONAL--NOMBRE DE PERSONA |
| Nombre de persona |
Obregón, Elkin, |
| Término indicativo de función/relación |
tr. |